Getafe CF 2025/26 Squad - Statistics

General Stats
  • This quiz has been taken 7 times
  • The average score is 15 of 25
Answer Stats
Hint Answer % Correct
CB 🇲🇦 Abdel Abqar
100%
FW 🇪🇸 Borja Mayoral
100%
CB 🇹🇬 Dakonam Djené
100%
GK 🇪🇸 David Soria
100%
LB 🇪🇸 Diego Rico
100%
CB 🇵🇹 Domingos Duarte
100%
RB 🇪🇸 Juan Iglesias
100%
CM 🇪🇸 Luis Milla
100%
CM 🇺🇾 Mauro Arambarri
100%
LW 🇪🇸 Adrián Liso
67%
LB 🇪🇸 Davinchi
67%
RB 🇪🇸 Kiko Femenía
67%
DM 🇪🇸 Mario Martín
67%
FW 🇺🇾 Martín Satriano
67%
RW 🇪🇸 Álex Sancris
33%
RB 🇨🇲 Allan Nyom
33%
CM 🇪🇸 Javi Muñoz
33%
GK 🇨🇿 Jiri Letacek
33%
FW 🇦🇷 Luis Vázquez
33%
CB 🇺🇾 Sebastián Boselli
33%
LW 🇷🇸 Veljko Birmancevic
33%
CB 🇦🇷 Zaid Romero
33%
RW 🏴󠁧󠁢󠁥󠁮󠁧󠁿 Abu Kamara
0%
RB 🇲🇦 Ismael Bekhoucha
0%
LW 🇪🇸 Juanmi
0%
No matching quizzes found
Score Distribution
Percent of People with Each Score
Percentile by Number Answered
Your Score History
You have not taken this quiz